000 00607nam a2200181 a 4500
001 1764838960728
003 ACL
005 20251204143417.0
008 251204s1975##################000#0#eng##
082 0 4 _a593.9
_bKAN
100 1 _aகந்தசுவாமி, சி. கு. - Kantacuvāmi, ci. Ku.,
_eauthor.
245 1 0 _aமுள்தோலிகள் - Muḷtōḷikaḷ ஆசிரியர் சி. கு. கந்தசுவாமி :
260 _c1975.
300 _a[iv], 63 p. ill.
500 _aIncludes bibliographical references
942 _cREF
040 _aACL
_beng
_cACL
999 _c600096
_d600096